Система распознавания отпечатков пальцев на базе семейства микроконтроллеров STM32; Современные технологии, экономика и образование

Podrobná bibliografie
Parent link:Современные технологии, экономика и образование.— 2020.— [С. 238-239]
Hlavní autor: Гао Жэньцзе
Korporace: Национальный исследовательский Томский политехнический университет Инженерная школа информационных технологий и робототехники Отделение информационных технологий, Национальный исследовательский Томский политехнический университет Школа базовой инженерной подготовки Отделение математики и информатики
Další autoři: Ботыгин И. А. Игорь Александрович, Шерстнёва А. И. Анна Игоревна
Shrnutí:Заглавие с титульного экрана
The development of a fingerprint recognition system based on the STM32 microcontroller series with the STM32F103ZET6 microprocessor and the JM-101B (AS608) fingerprint scanner is presented. The system supports scanning, entering, comparing and removing fingerprints.
Jazyk:ruština
Vydáno: 2020
Témata:
On-line přístup:http://earchive.tpu.ru/handle/11683/64714
Médium: MixedMaterials Elektronický zdroj Kapitola
KOHA link:https://koha.lib.tpu.ru/cgi-bin/koha/opac-detail.pl?biblionumber=632674

MARC

LEADER 00000naa2a2200000 4500
001 632674
005 20240123143723.0
035 |a (RuTPU)RU\TPU\conf\34395 
035 |a RU\TPU\conf\34394 
090 |a 632674 
100 |a 20210302d2020 k y0rusy50 ca 
101 0 |a rus 
102 |a RU 
105 |a y z 101zy 
135 |a drcn ---uucaa 
181 0 |a i  
182 0 |a b 
200 1 |a Система распознавания отпечатков пальцев на базе семейства микроконтроллеров STM32  |d Fingerprint recognition system based on STM32 microcontroller family  |f Гао Жэньцзе, И. А. Ботыгин, А. И. Шерстнёва 
203 |a Текст  |c электронный 
300 |a Заглавие с титульного экрана 
330 |a The development of a fingerprint recognition system based on the STM32 microcontroller series with the STM32F103ZET6 microprocessor and the JM-101B (AS608) fingerprint scanner is presented. The system supports scanning, entering, comparing and removing fingerprints. 
463 1 |0 (RuTPU)RU\TPU\conf\34302  |t Современные технологии, экономика и образование  |o сборник материалов II Всероссийской научно-методической конференции, г. Томск, 2-4 сентября 2020 г.  |f Национальный исследовательский Томский политехнический университет ; под ред. А. Г. Фефеловой, Е. А. Покровской, И. О. Болотиной [и др.]  |v [С. 238-239]  |d 2020 
510 1 |a Fingerprint recognition system based on STM32 microcontroller family  |z eng 
610 1 |a электронный ресурс 
610 1 |a труды учёных ТПУ 
610 1 |a распознавание 
610 1 |a отпечатки пальцев 
610 1 |a микроконтроллеры 
610 1 |a биометрический контроль 
610 1 |a идентификация 
700 0 |a Гао Жэньцзе 
701 1 |a Ботыгин  |b И. А.  |c специалист в области информатики и вычислительной техники  |c доцент Томского политехнического университета, кандидат технических наук  |f 1947-  |g Игорь Александрович  |3 (RuTPU)RU\TPU\pers\25190  |9 11270 
701 1 |a Шерстнёва  |b А. И.  |c математик  |c доцент Томского политехнического университета, кандидат физико-математических наук  |f 1974-  |g Анна Игоревна  |3 (RuTPU)RU\TPU\pers\27876  |9 12892 
712 0 2 |a Национальный исследовательский Томский политехнический университет  |b Инженерная школа информационных технологий и робототехники  |b Отделение информационных технологий  |3 (RuTPU)RU\TPU\col\23515 
712 0 2 |a Национальный исследовательский Томский политехнический университет  |b Школа базовой инженерной подготовки  |b Отделение математики и информатики  |3 (RuTPU)RU\TPU\col\23555 
801 2 |a RU  |b 63413507  |c 20210305  |g RCR 
856 4 |u http://earchive.tpu.ru/handle/11683/64714 
942 |c BK